John Tyler Trivia - Statistics

General Stats
  • This quiz has been taken 15 times
  • The average score is 5 of 10
Answer Stats
# Questions Answer % Correct
1 Political Party of John Tyler Whig
100%
3 What US state was John Tyler born in? Virginia
79%
6 What president served after Tyler? James K. Polk
71%
9 What war did Tyler fight in? War of 1812
50%
7 What Virginian City did Tyler die in? Richmond
43%
2 Who did John Tyler serve as vice president? William H. Harrison
43%
4 What job (other than politician) did Tyler have? Lawyer
29%
8 What rank did Tyler have in the military Captain
21%
5 What president served before Tyler and thepresident who Tyler served as vice president for? Martin Van Buren
21%
10 Treaty that helped settled the border betweenMaine and Canada. ____-________ treaty Webster–Ashburton
7%
No matching quizzes found
Score Distribution
Percent of People with Each Score
Percentile by Number Answered
Your Score History
You have not taken this quiz